15 principaux pays touchés par Covid-19 - 27 juin - Statistiques

Statistiques générales
  • Ce quiz a été pris 25 fois
  • Le résultat moyen est 10 sur 26
Statistiques - réponses
pays % Correct
Etats-Unis
96%
Brésil
83%
Royaume-Uni
79%
Russie
79%
Mexique
75%
Espagne
71%
Inde
71%
Allemagne
67%
Italie
63%
Pérou
42%
Chili
33%
Chili
33%
Belgique
29%
Iran
29%
Arabie Saoudite
25%
Pakistan
25%
Suède
25%
Turquie
25%
Qatar
21%
Biélorussie
13%
Arménie
8%
Bahreïn
8%
Koweït
8%
Oman
8%
Singapour
8%
Panama
4%
Aucun quiz correspondant
Distribution des résultats
% des personnes avec chaque résultat
Percentile par nombre de réponses
Votre historique - résultats
Vous n’avez pas pris ce quiz